The three dollars (Record no. 50615)

MARC details
000 -LEADER
fixed length control field 00779nam a2200277 i 4500
001 - CONTROL NUMBER
control field C2-0234336
003 - CONTROL NUMBER IDENTIFIER
control field PPAK
005 - DATE AND TIME OF LATEST TRANSACTION
control field 20180727194821.0
008 - FIXED-LENGTH DATA ELEMENTS--GENERAL INFORMATION
fixed length control field 010715s2001 my a|||| ||||| | eng d
020 ## - INTERNATIONAL STANDARD BOOK NUMBER
International Standard Book Number 9831512642
040 ## - CATALOGING SOURCE
Original cataloging agency PPAK
Language of cataloging eng
Transcribing agency PPAK
Description conventions rda
082 04 - DEWEY DECIMAL CLASSIFICATION NUMBER
Classification number 398.2
Edition number 23
090 00 - LOCALLY ASSIGNED LC-TYPE CALL NUMBER (OCLC); LOCAL CALL NUMBER (RLIN)
Classification number (OCLC) (R) ; Classification number, CALL (RLIN) (NR) 398.2
Feature heading BAL
Feature heading K
100 0# - MAIN ENTRY--PERSONAL NAME
Personal name Balkishah,
Relator term author
245 14 - TITLE STATEMENT
Title The three dollars
264 #1 - PRODUCTION, PUBLICATION, DISTRIBUTION, MANUFACTURE, AND COPYRIGHT NOTICE
Place of production, publication, distribution, manufacture Kuala Lumpur :
Name of producer, publisher, distributor, manufacturer Penerbitan Fargoes Sdn. Bhd. ,
Date of production, publication, distribution, manufacture, or copyright notice 2001
300 ## - PHYSICAL DESCRIPTION
Extent 15 pages :
Other physical details colour illustrations ;
Dimensions 26 cm
336 ## - CONTENT TYPE
Source rdacontent
Content type term text
337 ## - MEDIA TYPE
Source rdamedia
Media type term unmediated
338 ## - CARRIER TYPE
Source rdacarrier
Carrier type term volume
490 1# - SERIES STATEMENT
Series statement Early bird series
500 ## - GENERAL NOTE
General note Popular folk tales China (8)
650 10 - SUBJECT ADDED ENTRY--TOPICAL TERM
Topical term or geographic name entry element Folk literature, English
830 #0 - SERIES ADDED ENTRY--UNIFORM TITLE
Uniform title Early bird series
942 ## - ADDED ENTRY ELEMENTS (KOHA)
-- dc
Koha item type Book
Holdings
Withdrawn Not for loan Current library Shelving location Date acquired Total Checkouts Full call number Barcode Date last seen Koha item type
    Perpustakaan Awam Sungai Petani Pinjaman Kanak-kanak 15/07/2001   K 398.2 BAL A00967283 08/05/2018 Book
    Perpustakaan Jitra Pinjaman Kanak-kanak 15/07/2001   K 398.2 BAL A00967284 08/05/2018 Book
    Perpustakaan Yan Pinjaman Kanak-kanak 15/07/2001   K 398.2 BAL A00967287 08/05/2018 Book
    PD16, Kg. Jelai, Pendang Pinjaman Kanak-kanak 15/07/2001   K 398.2 BAL A00967298 08/05/2018 Book